LEADER 00987nam0-22002771i-450- 001 990003440570403321 005 20001010 035 $a000344057 035 $aFED01000344057 035 $a(Aleph)000344057FED01 035 $a000344057 100 $a20000920d1988----km-y0itay50------ba 101 0 $aita 105 $ay-------001yy 200 1 $a<>scuole a fini speciali nell'ordinamento universitario e nel mondo del lavoro. Atti del Convegno di Studio - Bologna 9-10 aprile 1987$fMinistero della Pubblica Istruzione , CUN 210 $aRoma$cBulzoni$d1988 215 $a176 710 02$aItalia.$bMinistero della pubblica istruzione$0354240 801 0$aIT$bUNINA$gRICA$2UNIMARC 901 $aBK 912 $a990003440570403321 952 $aSE 098.06.21-$b2760$fDECSE 959 $aDECSE 996 $aScuole a fini speciali nell'ordinamento universitario e nel mondo del lavoro. Atti del Convegno di Studio - Bologna 9-10 aprile 1987$9444326 997 $aUNINA DB $aING01